| 000 | 01351nam a22003137a 4500 | ||
|---|---|---|---|
| 999 |
_c28196 _d28167 |
||
| 003 | EG-ScBUE | ||
| 005 | 20200302152720.0 | ||
| 008 | 200219s2019 ua f b 000 0 ara d | ||
| 017 | _a2018 / 21929 | ||
| 020 | _a9789777613149 | ||
| 040 |
_aEG-ScBUE _bara _erda _cEG-ScBUE _dEG-ScBUE |
||
| 082 | 0 | 4 |
_a347.09 _bم ل ا _222 |
| 100 | 1 |
_aملاك، وردة، _eمؤلف. |
|
| 245 | 1 | 0 |
_aتنازع الاختصاص بين القضائ الجنائي الدولي والتشريعات الوطنية / _cدكتورة وردة ملاك، دكتوراه في القانون الجنائي الدولي. |
| 250 | _aالطبعة الأولى. | ||
| 264 | 1 |
_aالقاهرة : _bالمركز القومي للإصدارات القانونية ؛ _aالرياض، المملكة العربية السعودية : _bمكتبة المعرفة الرقمية، _c2019. |
|
| 300 |
_a791 صفحة ؛ _c24 سم |
||
| 336 |
_2rdacontent _aنص _btxt |
||
| 337 |
_2rdamedia _aبدون وسيط _bn |
||
| 338 |
_2rdacarrier _aمجلد _bnc |
||
| 504 | _aيشتمل على إرجاعات ببليوجرافية. | ||
| 541 | _aBook Fair, 2020 | ||
| 650 | 7 |
_aالاختصاص القضائي. _2BUEsh |
|
| 650 | 7 |
_aالقضاء الجنائي الدولي. _2BUEsh |
|
| 651 | _2BUEsh | ||
| 653 |
_bLLAAWW _cMarch2020 |
||
| 655 |
_vReading book _934232 |
||
| 942 | _2ddc | ||